000 00485cam a22002054a 4500
005 20250605164320.0
008 250528s ||||||||||||||||||||||||d
035 _a22878
020 _a9780471503132
040 _aGR-AtMCL
_bgre
_dGR-AtMCL
_eAACR2
245 1 _aMETHODS OF FINITE MATHEMATICS
250 _a1
260 _bWiley,
_c1989
300 _a668
700 1 _aBrown John W
_94733
700 1 _aSherbert Donald R
_94734
942 _cBK
999 _c7922
_d7922